000 00824nam a22002297a 4500
001 48322
003 BD-RjUL
005 20211209054512.0
008 160813s1956 ii ||||| |||| 00| 0 ben d
020 _c: IRs 2.25
035 _a(BD-RjUL)48441
040 _aBD-RjUL
_bben
_cBD-RjUL
041 _aben
082 _223
_a891.442
_bMUJ 1959
100 _aমুখোপাধ্যায়, শান্তিরঞ্জন
_9146287
245 1 0 _aজিজ্ঞাসা /
_cশান্তিরঞ্জন মুখোপাধ্যায়
260 _aকলিকাতা :
_bজাতীয় সাহিত্য,
_c১৯৫৯
300 _a১২৮ পৃ. ;
_c১৭ সেমি.
650 _aবাংলা নাটক
_9146288
650 _aBengali Drama
_9146289
942 _2ddc
_cBK
999 _c48322
_d48322